| 000 | 00341nam a22001337a 4500 | ||
|---|---|---|---|
| 020 | _a139780256114492 | ||
| 040 | _cNust | ||
| 082 |
_a629.8 _bPAL |
||
| 100 |
_aIII, Palm. J William _9123963 |
||
| 245 | _aSystem Dynamics | ||
| 260 |
_aBoston: _bMc-Graw Hill Higher Education, _c2005. |
||
| 650 |
_aSystem Dynamics _9111458 |
||
| 942 |
_2ddc _cBK |
||
| 999 |
_c609957 _d609957 |
||